[Event "Aimchess Rapid Div 3 L"]
[Site "chess.com INT"]
[Date "2023.07.10"]
[Round "1.2"]
[White "Mekhitarian, Krikor Sevag"]
[Black "Matlakov, Maxim"]
[Result "1/2-1/2"]
[WhiteTitle "GM"]
[BlackTitle "GM"]
[WhiteElo "2537"]
[BlackElo "2673"]
[WhiteFideId "2107660"]
[BlackFideId "4168003"]
[EventDate "2023.07.10"]
[EventType "k.o."]

1. d4 d5 2. c4 c6 3. Nf3 Nf6 4. e3 g6 5. Nc3 Bg7 6. Be2 O-O 7. O-O Bg4 8. h3
Bxf3 9. Bxf3 e6 10. b3 Nbd7 11. Bb2 Re8 12. Qc2 Rc8 13. Rfd1 a6 14. Rac1 Qe7 15.
Be2 h5 16. Rd2 Rcd8 17. Rcd1 Kh8 18. Re1 Kg8 19. Bf1 Kh8 20. e4 dxe4 21. Nxe4
Nxe4 22. Qxe4 Nf6 23. Qf3 Kg8 24. Red1 Rd7 25. g3 Qd8 26. Bg2 Nh7 27. Qe2 Qa5
28. a3 Red8 29. b4 Qc7 30. h4 Nf6 31. Bf3 Ne8 1/2-1/2

[Event "Aimchess Rapid Div 3 L"]
[Site "chess.com INT"]
[Date "2023.07.10"]
[Round "1.3"]
[White "Matlakov, Maxim"]
[Black "Mekhitarian, Krikor Sevag"]
[Result "1/2-1/2"]
[WhiteTitle "GM"]
[BlackTitle "GM"]
[WhiteElo "2673"]
[BlackElo "2537"]
[WhiteFideId "4168003"]
[BlackFideId "2107660"]
[EventDate "2023.07.10"]
[EventType "k.o."]

1. e4 e6 2. d4 d5 3. exd5 exd5 4. Nf3 Nf6 5. Bd3 Bd6 6. O-O O-O 7. Bg5 h6 8. Bh4
Bg4 9. Nbd2 Nbd7 10. c3 c6 11. Re1 Qc7 12. h3 Be6 13. Bxf6 Nxf6 14. Ne5 Rfe8 15.
f4 c5 16. Ndf3 Ne4 17. Bxe4 dxe4 18. Rxe4 Bd5 19. Re1 f6 20. c4 fxe5 21. cxd5
exd4 22. g3 Qf7 23. Qb3 b5 24. Qxb5 Rxe1+ 25. Rxe1 Qxd5 26. Re8+ Rxe8 27. Qxe8+
Kh7 28. Nh4 d3 29. Qg6+ Kh8 30. Qe8+ Kh7 31. Qg6+ Kh8 32. Qe8+ Kh7 1/2-1/2

[Event "Aimchess Rapid Div 3 L"]
[Site "chess.com INT"]
[Date "2023.07.10"]
[Round "1.1"]
[White "Bernadskiy, Vitaliy"]
[Black "Gareyev, Timur"]
[Result "0-1"]
[WhiteTitle "GM"]
[BlackTitle "GM"]
[WhiteElo "2545"]
[BlackElo "2581"]
[WhiteFideId "14100371"]
[BlackFideId "14200937"]
[EventDate "2023.07.10"]
[EventType "k.o."]

1. e4 e5 2. Nf3 Nc6 3. Bb5 a6 4. Ba4 d6 5. c3 Nf6 6. d4 b5 7. Bb3 Bg4 8. Be3 Bh5
9. Nbd2 Be7 10. h3 exd4 11. cxd4 Na5 12. Bc2 c5 13. d5 Nd7 14. a3 Nb6 15. b3 Bf6
16. Rb1 Rc8 17. O-O Bc3 18. Qe2 O-O 19. Rfd1 Bxd2 20. Bxd2 Nb7 21. a4 Qd7 22.
axb5 axb5 23. Bd3 c4 24. bxc4 Nxc4 25. g4 Bxg4 26. hxg4 Qxg4+ 27. Kh1 Nc5 28.
Nh2 Qxe2 29. Bxe2 Nxd2 30. Rxd2 Nxe4 31. Rd4 Nc3 32. Rb2 Rc5 33. Bf1 Ra8 34. Ng4
h5 35. Ne3 g6 36. Kh2 Kg7 37. Rdb4 Ra4 38. Rxa4 bxa4 39. Bc4 f5 40. Rc2 f4 41.
Nf5+ gxf5 42. Rxc3 Kf6 43. Kg2 Ke5 44. Rc2 Kd4 45. Bd3 Rxc2 46. Bxc2 a3 47. Bb3
Kc3 48. Ba2 Kb2 49. Bc4 a2 50. Bxa2 Kxa2 51. Kh3 Kb3 52. Kh4 Kc4 53. Kg5 h4 0-1

[Event "Aimchess Rapid Div 3 L"]
[Site "chess.com INT"]
[Date "2023.07.10"]
[Round "1.2"]
[White "Gareyev, Timur"]
[Black "Bernadskiy, Vitaliy"]
[Result "1-0"]
[WhiteTitle "GM"]
[BlackTitle "GM"]
[WhiteElo "2581"]
[BlackElo "2545"]
[WhiteFideId "14200937"]
[BlackFideId "14100371"]
[EventDate "2023.07.10"]
[EventType "k.o."]

1. d4 d5 2. c4 e6 3. Nc3 Nf6 4. Bg5 Be7 5. e3 h6 6. Bh4 O-O 7. Nf3 b6 8. Bd3 Bb7
9. O-O dxc4 10. Bxc4 Nbd7 11. Qe2 c5 12. Rfd1 Qc8 13. Rac1 Bxf3 14. gxf3 cxd4
15. exd4 Qd8 16. Bg3 Nh5 17. f4 Nxg3 18. hxg3 Bf6 19. Ne4 Rc8 20. Nd6 Rc6 21.
Nxf7 Rxf7 22. Bxe6 Rxe6 23. Qxe6 Nf8 24. Qc4 Qd7 25. b4 h5 26. d5 h4 27. Qc8
hxg3 28. fxg3 Qe7 29. Qc4 Qe3+ 30. Kg2 g6 31. Re1 Qa3 32. d6 Kg7 33. Qb3 Qa6 34.
b5 Qb7+ 35. Rc6 Nd7 36. Qf3 Nc5 37. Rd1 Qd7 38. a4 Ne6 39. Qg4 Bd8 40. Qh3 Rf5
41. Rh1 Rh5 42. Qg4 Rd5 43. Qh3 Rd2+ 44. Kg1 Rd1+ 45. Kf2 Rxh1 46. Qxh1 Nc5 47.
Qd5 Qf7 48. Qxf7+ Kxf7 49. Rc7+ Kf6 50. Rc8 Nb7 51. Rb8 1-0

[Event "Aimchess Rapid Div 3 L"]
[Site "chess.com INT"]
[Date "2023.07.10"]
[Round "1.1"]
[White "Bluebaum, Matthias"]
[Black "Eljanov, Pavel"]
[Result "1/2-1/2"]
[WhiteTitle "GM"]
[BlackTitle "GM"]
[WhiteElo "2672"]
[BlackElo "2694"]
[WhiteFideId "24651516"]
[BlackFideId "14102951"]
[EventDate "2023.07.10"]
[EventType "k.o."]

1. d4 Nf6 2. c4 e6 3. Nc3 Bb4 4. e3 O-O 5. Bd2 d5 6. Nf3 Nbd7 7. Rc1 c6 8. Bd3
Qe7 9. O-O e5 10. dxe5 Nxe5 11. Nxe5 Qxe5 12. Nxd5 Nxd5 13. cxd5 Bxd2 14. Qxd2
Qxd5 15. Rfd1 Bg4 16. f3 Be6 17. Qc2 Qh5 18. Bc4 Bxc4 19. Qxc4 Rad8 20. Qb3 1/2-1/2

[Event "Aimchess Rapid Div 3 L"]
[Site "chess.com INT"]
[Date "2023.07.10"]
[Round "1.2"]
[White "Eljanov, Pavel"]
[Black "Bluebaum, Matthias"]
[Result "1-0"]
[WhiteTitle "GM"]
[BlackTitle "GM"]
[WhiteElo "2694"]
[BlackElo "2672"]
[WhiteFideId "14102951"]
[BlackFideId "24651516"]
[EventDate "2023.07.10"]
[EventType "k.o."]

1. g3 d5 2. Bg2 Nf6 3. Nf3 e6 4. c4 Nc6 5. O-O Bd6 6. b3 O-O 7. Bb2 d4 8. Nxd4
Nxd4 9. Bxd4 Bxg3 10. hxg3 Qxd4 11. Nc3 c6 12. e3 Qd3 13. f4 Rd8 14. Qf3 Bd7 15.
Rad1 Rab8 16. g4 c5 17. g5 Bc6 18. Qe2 Qxe2 19. Nxe2 Bxg2 20. Kxg2 Ne4 21. d4
cxd4 22. exd4 Nd6 23. Ng3 Rd7 24. d5 Rbd8 25. c5 Nb5 26. d6 Nc3 27. Rd2 Nd5 28.
Rxd5 exd5 29. Rd1 a5 30. Nf5 g6 31. Ne3 b6 32. Nxd5 bxc5 33. Nf6+ Kg7 34. Nxd7
Rxd7 35. Kf3 f5 36. Rd5 a4 37. bxa4 Kf7 38. Ke3 Ke6 39. Rd1 Kf7 40. a5 Ke8 41.
Rd5 Ra7 42. Rxc5 Ra6 43. Rd5 Kd7 44. Kd4 Ra8 45. Ke5 Re8+ 46. Kf6 Re4 47. Kg7
Rxf4 48. Kxh7 Rd4 49. Rxd4 1-0

[Event "Aimchess Rapid Div 3 L"]
[Site "chess.com INT"]
[Date "2023.07.10"]
[Round "1.1"]
[White "Gabuzyan, Hovhannes"]
[Black "Suleymanli, Aydin"]
[Result "1-0"]
[WhiteTitle "GM"]
[BlackTitle "GM"]
[WhiteElo "2579"]
[BlackElo "2586"]
[WhiteFideId "13303732"]
[BlackFideId "13413937"]
[EventDate "2023.07.10"]
[EventType "k.o."]

1. e4 e5 2. Nf3 Nf6 3. Nxe5 d6 4. Nxf7 Kxf7 5. d4 c6 6. Nc3 Be6 7. Bd3 Be7 8. f4
Bg4 9. Qd2 Rf8 10. h3 Bc8 11. Qe2 g6 12. g4 Qb6 13. f5 Qxd4 14. Bh6 Nbd7 15.
O-O-O Ne5 16. Rhf1 Ke8 17. Bxf8 Bxf8 18. fxg6 Nxg6 19. e5 Nf4 20. Qe1 Qxe5 21.
Qh4 Be7 22. Rde1 Qd4 23. Qh6 N6d5 24. Nxd5 Nxd5 25. c4 Qxd3 26. cxd5 Kd8 27. Qg7
Be6 28. dxe6 1-0

[Event "Aimchess Rapid Div 3 L"]
[Site "chess.com INT"]
[Date "2023.07.10"]
[Round "1.2"]
[White "Suleymanli, Aydin"]
[Black "Gabuzyan, Hovhannes"]
[Result "1/2-1/2"]
[WhiteTitle "GM"]
[BlackTitle "GM"]
[WhiteElo "2586"]
[BlackElo "2579"]
[WhiteFideId "13413937"]
[BlackFideId "13303732"]
[EventDate "2023.07.10"]
[EventType "k.o."]

1. c4 g6 2. e4 Bg7 3. d4 d6 4. Nc3 e5 5. dxe5 dxe5 6. Qxd8+ Kxd8 7. Bg5+ f6 8.
O-O-O+ Bd7 9. Bh4 Na6 10. Nf3 Ke8 11. Be2 c6 12. Rd6 Bf8 13. Rdd1 Nc5 14. b4 Ne6
15. c5 b6 16. Bc4 bxc5 17. b5 Bh6+ 18. Kb1 Rb8 19. Bxe6 Bxe6 20. Rd6 Kf7 21.
Rxc6 Ne7 22. Rc7 g5 23. Bg3 g4 24. Nh4 Rhd8 25. Rxa7 Bd2 26. Nd5 Rxb5+ 27. Kc2
Bxd5 28. exd5 Ra5 29. Rxe7+ Kxe7 30. Kxd2 Rxd5+ 31. Kc3 Rxa2 32. Rb1 Ke6 33. Rb8
Rad2 34. Re8+ Kd7 35. Rh8 R5d3+ 36. Kc4 Rd4+ 37. Kb5 Rb2+ 38. Kxc5 Rc2+ 39. Kb5
Rb2+ 40. Kc5 Rc2+ 41. Kb5 Rb2+ 42. Kc5 1/2-1/2

[Event "Aimchess Rapid Div 3 L"]
[Site "chess.com INT"]
[Date "2023.07.10"]
[Round "1.1"]
[White "Pantsulaia, Levan"]
[Black "Alonso Rosell, Alvar"]
[Result "1-0"]
[WhiteTitle "GM"]
[BlackTitle "GM"]
[WhiteElo "2564"]
[BlackElo "2570"]
[WhiteFideId "13602071"]
[BlackFideId "2270544"]
[EventDate "2023.07.10"]
[EventType "k.o."]

1. Nf3 d5 2. c4 c6 3. g3 Nf6 4. Bg2 dxc4 5. O-O Nbd7 6. Qc2 b5 7. b3 cxb3 8.
Qxc6 b2 9. Bxb2 Rb8 10. Rc1 Bb7 11. Qc7 Qxc7 12. Rxc7 Nd5 13. Rc1 h5 14. Nd4 Rh6
15. Nxb5 Rb6 16. a4 a6 17. Bxd5 Bxd5 18. Nc7+ Kd8 19. Bd4 Rxb1 20. Nxd5 Rxc1+
21. Rxc1 e6 22. Ne3 g6 23. f4 Ba3 24. Rc6 Bb2 25. Ba7 Ra8 26. Bb6+ Nxb6 27. Rxb6
Ba3 28. Rb7 Ke8 29. Nc4 Bc5+ 30. Kg2 Rc8 31. d3 Kf8 32. Ne5 Be7 33. Rb8 Rxb8 34.
Nd7+ Ke8 35. Nxb8 Bd6 36. Nxa6 Kd7 37. Kf3 Kc6 38. d4 Kb6 39. Nc5 Bxc5 40. dxc5+
Kxc5 41. Ke4 f6 42. h3 Kb4 43. g4 hxg4 44. hxg4 Kxa4 45. g5 1-0

[Event "Aimchess Rapid Div 3 L"]
[Site "chess.com INT"]
[Date "2023.07.10"]
[Round "1.2"]
[White "Alonso Rosell, Alvar"]
[Black "Pantsulaia, Levan"]
[Result "0-1"]
[WhiteTitle "GM"]
[BlackTitle "GM"]
[WhiteElo "2570"]
[BlackElo "2564"]
[WhiteFideId "2270544"]
[BlackFideId "13602071"]
[EventDate "2023.07.10"]
[EventType "k.o."]

1. d4 c5 2. d5 g6 3. c4 Bg7 4. e4 d6 5. Nc3 Bxc3+ 6. bxc3 e5 7. f4 Qf6 8. fxe5
Qh4+ 9. Kd2 Qxe4 10. e6 fxe6 11. Nf3 e5 12. Bd3 Qg4 13. Re1 Bf5 14. Bxf5 gxf5
15. h3 Qxc4 16. Nxe5 dxe5 17. Qh5+ Kd8 18. Qg5+ Kc7 19. Qg7+ Nd7 20. Qxh8 Qxd5+
21. Kc2 Qxg2+ 22. Bd2 f4 23. Rad1 Qg6+ 24. Kc1 Re8 25. Rg1 Ngf6 26. Rxg6 Rxh8
27. Rg7 Rg8 28. Rdg1 Rxg7 29. Rxg7 c4 30. Be1 e4 31. Bh4 Kd6 32. Bxf6 Nxf6 33.
Rxb7 e3 34. Kd1 f3 35. Rxa7 Ne4 36. Rf7 Nf2+ 37. Kc2 e2 0-1

[Event "Aimchess Rapid Div 3 L"]
[Site "chess.com INT"]
[Date "2023.07.10"]
[Round "1.1"]
[White "Yilmaz, Mustafa"]
[Black "Alekseev, Evgeny"]
[Result "1-0"]
[WhiteTitle "GM"]
[BlackTitle "GM"]
[WhiteElo "2639"]
[BlackElo "2563"]
[WhiteFideId "6302718"]
[BlackFideId "4138147"]
[EventDate "2023.07.10"]
[EventType "k.o."]

1. d4 Nf6 2. c4 e6 3. Nf3 d5 4. Nc3 Be7 5. Bf4 O-O 6. e3 Nbd7 7. c5 Nh5 8. Bd3
Nxf4 9. exf4 c6 10. O-O b6 11. b4 Qc7 12. g3 a5 13. a3 Ba6 14. Re1 Bxd3 15. Qxd3
Bf6 16. h4 Rfb8 17. Qc2 Ra7 18. Kg2 Rba8 19. Rab1 axb4 20. axb4 bxc5 21. bxc5
Ra3 22. Ne2 Qa5 23. Rec1 Qa6 24. Rb2 Bd8 25. Rcb1 Bc7 26. Ne5 Nf8 27. h5 f6 28.
Nf3 Qc8 29. Re1 Qe8 30. Rh1 e5 31. fxe5 fxe5 32. dxe5 Bxe5 33. Nxe5 Qxe5 34. h6
g6 35. Nf4 Ne6 36. Nxe6 Qxe6 37. Rb7 d4 38. Rh4 Rd8 39. Qe4 1-0

[Event "Aimchess Rapid Div 3 L"]
[Site "chess.com INT"]
[Date "2023.07.10"]
[Round "1.2"]
[White "Alekseev, Evgeny"]
[Black "Yilmaz, Mustafa"]
[Result "1/2-1/2"]
[WhiteTitle "GM"]
[BlackTitle "GM"]
[WhiteElo "2563"]
[BlackElo "2639"]
[WhiteFideId "4138147"]
[BlackFideId "6302718"]
[EventDate "2023.07.10"]
[EventType "k.o."]

1. e4 e5 2. Nf3 Nc6 3. Bc4 Bc5 4. c3 Nf6 5. d3 d6 6. O-O a5 7. Bb3 O-O 8. h3 h6
9. Be3 Ba7 10. Nbd2 Be6 11. Ba4 Ne7 12. Nh4 d5 13. Bxa7 Rxa7 14. Qe2 Ra6 15.
Rfd1 dxe4 16. dxe4 Qb8 17. Nc4 c6 18. Bc2 b5 19. Nd6 Rd8 20. Ndf5 Rxd1+ 21. Qxd1
Nxf5 22. exf5 Bd5 23. Qe2 a4 24. Nf3 e4 25. Nd2 Qf4 26. c4 bxc4 27. Nxc4 Ra7 28.
Qe3 Qb8 29. Nb6 a3 30. bxa3 Ra6 31. Rb1 Qe5 32. Qc5 Qxf5 33. a4 Kh7 34. a5 Be6
35. Qxf5+ Bxf5 36. Nc4 Be6 37. Bb3 Nd7 38. Nb6 Rxa5 39. Nxd7 Bxd7 40. Bxf7 Bf5
41. Rc1 c5 42. g4 Bg6 43. Bd5 h5 44. Kg2 Kh6 45. Kg3 Kg5 46. h4+ Kf6 47. gxh5
Bxh5 48. Kf4 Bg6 49. Bb3 Bf7 50. Kxe4 c4 51. Bxc4 Bxc4 52. Rxc4 Rxa2 53. Rc6+
Kf7 54. Kf3 Ra4 55. Kg3 Ra3+ 56. f3 Ra4 57. f4 Ra1 58. Kg4 Ra5 59. Rc7+ Kg6 60.
Rc6+ Kf7 61. h5 Ra1 62. Kg5 Ra5+ 63. f5 Ra1 64. Rc7+ Kg8 65. h6 Rg1+ 66. Kf4
Rf1+ 67. Ke5 Re1+ 68. Kd6 Rd1+ 69. Ke7 Re1+ 70. Kd6 Rd1+ 71. Ke5 Re1+ 72. Kf4
Rf1+ 73. Ke4 Re1+ 74. Kf4 Rf1+ 1/2-1/2

[Event "Aimchess Rapid Div 3 L"]
[Site "chess.com INT"]
[Date "2023.07.10"]
[Round "1.1"]
[White "Guseinov, Gadir"]
[Black "Andreikin, Dmitry"]
[Result "1/2-1/2"]
[WhiteTitle "GM"]
[BlackTitle "GM"]
[WhiteElo "2661"]
[BlackElo "2729"]
[WhiteFideId "13401378"]
[BlackFideId "4158814"]
[EventDate "2023.07.10"]
[EventType "k.o."]

1. e4 c5 2. Nc3 Nc6 3. Bb5 Nd4 4. Nf3 e6 5. O-O a6 6. Bd3 Nc6 7. a3 g5 8. b4 g4
9. Ne1 h5 10. Bb2 Nf6 11. f4 cxb4 12. axb4 Nxb4 13. e5 Nfd5 14. Nxd5 Nxd5 15.
Ba3 b5 16. Bxf8 Rxf8 17. Be4 Bb7 18. Qe2 f5 19. exf6 Qxf6 20. c3 b4 21. Rb1 Rb8
22. f5 bxc3 23. Nc2 Ke7 24. Rxb7 Rxb7 25. Bxd5 Rb2 26. Be4 d5 27. Bd3 e5 28.
dxc3 e4 29. Qe3 Rc8 30. Nb4 Rd8 31. Bxa6 Kf8 32. Bb7 d4 33. Qxe4 dxc3 34. Nd5
Qd6 35. Qd4 Rxb7 36. Qh8+ Kf7 37. Qh7+ Kf8 38. Qxb7 Qc5+ 39. Kh1 Qxd5 40. Qb4+
Kg8 41. Qxc3 Qxf5 42. Qc4+ Qd5 43. Qf4 Kh7 44. Qf6 Rd7 45. Qf8 Qe4 46. Qf2 Rc7
47. Qh4 Qg6 48. Re1 Rf7 49. h3 gxh3 50. Qxh3 Qg4 51. Qd3+ Qf5 52. Qd4 Qf4 53.
Qd3+ Kh6 54. Re6+ Rf6 55. Rxf6+ Qxf6 56. Qe3+ Qg5 57. Qe6+ Qg6 58. Qe3+ Qg5 59.
Qe6+ Qg6 60. Qe3+ Qg5 1/2-1/2

[Event "Aimchess Rapid Div 3 L"]
[Site "chess.com INT"]
[Date "2023.07.10"]
[Round "1.2"]
[White "Andreikin, Dmitry"]
[Black "Guseinov, Gadir"]
[Result "1-0"]
[WhiteTitle "GM"]
[BlackTitle "GM"]
[WhiteElo "2729"]
[BlackElo "2661"]
[WhiteFideId "4158814"]
[BlackFideId "13401378"]
[EventDate "2023.07.10"]
[EventType "k.o."]

1. Nf3 g6 2. e4 c5 3. Bc4 Nc6 4. O-O Bg7 5. c3 e6 6. d4 cxd4 7. Bf4 d5 8. exd5
exd5 9. Bb5 dxc3 10. Nxc3 Ne7 11. Be5 O-O 12. Bxg7 Kxg7 13. Bxc6 bxc6 14. Qd4+
Kg8 15. Qc5 Re8 16. Rfe1 Rb8 17. b4 Be6 18. Nd4 Qb6 19. Qxb6 axb6 20. Nxe6 fxe6
21. Rxe6 Kf7 22. Re3 Nf5 23. Rf3 Kg7 24. Kf1 d4 25. Na4 Re7 26. Nb2 c5 27. Rc1
Nd6 28. Rd3 Ne4 29. Nd1 Rc8 30. a4 Rce8 31. g3 Re5 32. Nb2 Nc3 33. Nc4 R5e6 34.
a5 b5 35. Nb6 cxb4 36. Rxd4 b3 37. Rb4 Na4 38. Rc7+ Kg8 39. Rxb5 b2 40. Kg2 Re1
41. Nd5 Rf8 42. Rbb7 Rf5 43. Rc8+ Rf8 44. Nf6+ 1-0

[Event "Aimchess Rapid Div 3 L"]
[Site "chess.com INT"]
[Date "2023.07.10"]
[Round "1.1"]
[White "Mishra, Abhimanyu"]
[Black "Perez Ponsa, Federico"]
[Result "0-1"]
[WhiteTitle "GM"]
[BlackTitle "GM"]
[WhiteElo "2591"]
[BlackElo "2527"]
[WhiteFideId "30920019"]
[BlackFideId "117927"]
[EventDate "2023.07.10"]
[EventType "k.o."]

1. d4 Nf6 2. c4 g6 3. g3 Bg7 4. Bg2 O-O 5. Nc3 d6 6. Nf3 Nc6 7. d5 Na5 8. b3 c5
9. Bb2 a6 10. O-O Rb8 11. a4 e5 12. e4 Ne8 13. Nd2 f5 14. exf5 gxf5 15. Qc2 Nf6
16. f4 Ng4 17. Nd1 b5 18. axb5 axb5 19. h3 Nh6 20. Bc3 b4 21. Bb2 Ra8 22. Ne3
Bd7 23. Nf3 e4 24. Bxg7 Kxg7 25. Qb2+ Qf6 26. Qxf6+ Kxf6 27. Nd2 Nb7 28. Kf2 Ke7
29. Rfc1 Rg8 30. Bf1 Nf7 31. Be2 Nh8 32. g4 Ng6 33. Ng2 h6 34. gxf5 Bxf5 35. Bg4
Kf6 36. Ne3 Bxg4 37. Nxg4+ Kg7 38. Ke3 Nh4 39. Nxe4 Nf5+ 40. Kd3 Nd4 41. Rg1 Kh8
42. Rxa8 Rxa8 43. Nxh6 Rf8 44. Ng5 Nd8 45. Re1 Kg7 46. Ng4 Rxf4 47. Ne6+ N8xe6
48. dxe6 Kf8 49. Ne3 Nf3 50. Re2 Ne5+ 51. Kc2 Re4 52. Rf2+ Ke7 53. Nd5+ Kxe6 54.
Rf6+ Kd7 55. Rf2 Rh4 56. Nf4 Nc6 57. Kd3 Nd4 58. Ke4 Ne6 59. Rf3 Ng5+ 60. Ke3
Nxf3 61. Kxf3 Rh8 62. Ke3 Ra8 63. Kd3 Ra2 64. h4 Rb2 65. h5 Rxb3+ 66. Ke4 Rb1
67. Kf5 b3 68. h6 b2 69. h7 Rh1 70. Kf6 Rxh7 71. Ng6 Rh6 72. Kg7 Rxg6+ 73. Kh7
b1=Q 74. Kh8 Qh1# 0-1

[Event "Aimchess Rapid Div 3 L"]
[Site "chess.com INT"]
[Date "2023.07.10"]
[Round "1.2"]
[White "Perez Ponsa, Federico"]
[Black "Mishra, Abhimanyu"]
[Result "0-1"]
[WhiteTitle "GM"]
[BlackTitle "GM"]
[WhiteElo "2527"]
[BlackElo "2591"]
[WhiteFideId "117927"]
[BlackFideId "30920019"]
[EventDate "2023.07.10"]
[EventType "k.o."]

1. e4 c5 2. Nf3 d6 3. d4 cxd4 4. Nxd4 Nf6 5. Nc3 a6 6. Be2 e5 7. Nb3 Be7 8. Bg5
Be6 9. Bxf6 Bxf6 10. Qd3 Be7 11. O-O-O Nd7 12. Nd5 Bxd5 13. Qxd5 Qc7 14. Kb1 O-O
15. Nd2 b5 16. Nf1 Nb6 17. Qd3 b4 18. Ne3 a5 19. h4 a4 20. Nf5 Rfd8 21. Qg3 Bf6
22. h5 Kf8 23. Rd2 a3 24. b3 d5 25. Rhd1 g6 26. hxg6 hxg6 27. Nd4 Qc3 28. Qxc3
bxc3 29. Rd3 exd4 30. Rf3 Kg7 31. exd5 Nxd5 32. Bc4 Nb4 33. g4 Ra7 34. Rh3 Rh8
35. Rf3 Re7 0-1

[Event "Aimchess Rapid Div 3 L"]
[Site "chess.com INT"]
[Date "2023.07.10"]
[Round "1.3"]
[White "Perez Ponsa, Federico"]
[Black "Mishra, Abhimanyu"]
[Result "1-0"]
[WhiteTitle "GM"]
[BlackTitle "GM"]
[WhiteElo "2527"]
[BlackElo "2591"]
[WhiteFideId "117927"]
[BlackFideId "30920019"]
[EventDate "2023.07.10"]
[EventType "k.o."]

1. e4 c5 2. Nf3 d6 3. Bb5+ Nd7 4. c3 Nf6 5. Bd3 g6 6. O-O Bg7 7. Re1 O-O 8. Bf1
Ne5 9. Nxe5 dxe5 10. Na3 b6 11. Nc4 Bb7 12. d3 Ne8 13. Be3 Nd6 14. b3 e6 15. Qc1
Qe7 16. Bh6 Bxh6 17. Qxh6 f6 18. a4 Rad8 19. Qe3 Nxc4 20. bxc4 a5 21. Be2 Rd6
22. Bd1 Rfd8 23. Bc2 Bc6 24. Reb1 Be8 25. Rb2 g5 26. Rab1 Qc7 27. Kf1 Bg6 28.
Rb3 Be8 29. R3b2 Bg6 30. Ke1 h6 31. Rd1 Kf7 32. Kd2 Ke7 33. Kc1 Kd7 34. Qh3 Rh8
35. Qf3 Rf8 36. Qh3 Rh8 37. Bb3 Kc8 38. Re2 Kb8 39. Qf3 Qe7 40. Kb2 Ka7 41. Ka3
Rhd8 42. Bc2 Qf7 43. Qh3 Rh8 44. Re3 h5 45. f3 h4 46. Rde1 Rdd8 47. R3e2 Qe7 48.
Rf2 Qf7 49. Bb1 Qe7 50. Rb2 Qf7 51. Ree2 Qe7 52. Rb3 Rb8 53. Rd2 Rbd8 54. Rdb2
Rb8 55. Ka2 Qd6 56. Bc2 Qd7 57. Kb1 Qd6 58. Ka1 Be8 59. Ra3 Bg6 60. Rb1 Qd7 61.
Rf1 Qd6 62. Kb2 Rb7 63. Qg4 Bh5 64. Qh3 Rbb8 65. Rb3 Be8 66. Ra3 Bg6 67. Raa1
Bf7 68. Rad1 Bg6 69. Rd2 Rbd8 70. Rfd1 Qe7 71. Bb3 Bf7 72. Ka2 Bg6 73. Rb2 Bf7
74. Bc2 Qc7 75. Rdb1 Rb8 76. Qg4 Qe7 77. Ka1 Qd6 78. Qh3 Bg6 79. Rh1 Bf7 80.
Rbb1 Qd7 81. Kb2 Qd6 82. Rbd1 Rbd8 83. Rd2 Qe7 84. Bb3 Qc7 85. g3 hxg3 86. Qxg3
Qe7 87. h4 Rdg8 88. Qe1 Be8 89. hxg5 Rxh1 90. Qxh1 Rxg5 91. Rh2 Qf7 92. Rf2 Qg7
93. Qh3 Bd7 94. Bc2 Rg3 95. Qf1 Rg1 96. Qe2 Qg5 97. Qd2 Qxd2 98. Rxd2 Rf1 99. d4
exd4 100. cxd4 cxd4 101. Rxd4 Bc8 102. Bd1 Kb7 103. Kc3 Kc7 104. Kd2 e5 105. Rd3
Be6 106. Rc3 Kc6 107. Be2 Ra1 108. c5 bxc5 109. Bb5+ Kb6 110. Rd3 Kc7 111. Rc3
Kb6 112. Ke3 Rb1 113. Rc2 Rb4 114. Rh2 Bb3 115. Rh6 Bxa4 116. Be2 Bc6 117. Rxf6
a4 118. Rh6 a3 119. Rh1 Rb3+ 120. Kd2 Ka5 121. Rc1 Rb2+ 122. Ke3 Bb5 123. Bd1
Kb4 124. f4 exf4+ 125. Kxf4 a2 126. Ra1 Rb1 127. Rxa2 Rxd1 128. Rb2+ Kc4 129.
Rh2 Rd4 130. Kf5 Bd7+ 131. Ke5 Bc6 132. Rc2+ Kb5 133. Rb2+ Ka6 134. Rc2 Rxe4+
135. Kd6 Bb5 136. Rxc5 Rd4+ 137. Ke7 Rc4 138. Rg5 Kb6 139. Rg6+ Ka5 140. Rg5 Kb4
141. Rh5 Rc3 142. Rh1 Bc4 143. Rb1+ Bb3 144. Re1 Rd3 145. Re4+ Bc4 146. Re1 Kc3
147. Rc1+ Kd4 148. Rg1 Rc3 149. Rg4+ Kd3 150. Rh4 Kc2 151. Kd6 Kb3 152. Kc5 Rc2
153. Rh3+ Kb2 154. Kb4 Bb3 155. Rxb3+ Kc1 156. Rg3 Rb2+ 157. Kc3 Rc2+ 158. Kd3
Re2 159. Kxe2 Kc2 160. Rd3 Kb2 161. Kd2 Kb1 162. Rc3 Ka1 163. Rc2 Kb1 164. Kc3
Ka1 165. Kb3 Kb1 166. Rc3 Ka1 167. Rc1# 1-0

[Event "Aimchess Rapid Div 3 L"]
[Site "chess.com INT"]
[Date "2023.07.11"]
[Round "2.1"]
[White "Anton Guijarro, David"]
[Black "Pantsulaia, Levan"]
[Result "1/2-1/2"]
[WhiteTitle "GM"]
[BlackTitle "GM"]
[WhiteElo "2691"]
[BlackElo "2564"]
[WhiteFideId "2285525"]
[BlackFideId "13602071"]
[EventDate "2023.07.10"]
[EventType "k.o."]

1. Nf3 Nf6 2. b3 d5 3. Bb2 c6 4. g3 Bg4 5. Bg2 Nbd7 6. O-O e6 7. d3 Bd6 8. h3
Bxf3 9. Bxf3 O-O 10. c4 Qe7 11. a3 a5 12. Bg2 b5 13. Qc2 h6 14. Rc1 Rfb8 15. Nd2
Ra7 16. cxb5 cxb5 17. Nf3 Rc7 18. Qd1 Rxc1 19. Qxc1 Nc5 20. Qd1 a4 21. Nd4 Nxb3
22. Nxb3 axb3 23. Qxb3 Nd7 24. e3 Nc5 25. Qc3 Qf8 26. Bf1 Na4 27. Qb3 Nxb2 28.
Qxb2 Ra8 1/2-1/2

[Event "Aimchess Rapid Div 3 L"]
[Site "chess.com INT"]
[Date "2023.07.11"]
[Round "2.1"]
[White "Gledura, Benjamin"]
[Black "Gabuzyan, Hovhannes"]
[Result "1/2-1/2"]
[WhiteTitle "GM"]
[BlackTitle "GM"]
[WhiteElo "2645"]
[BlackElo "2579"]
[WhiteFideId "712779"]
[BlackFideId "13303732"]
[EventDate "2023.07.10"]
[EventType "k.o."]

1. d4 Nf6 2. Nf3 g6 3. Nbd2 Bg7 4. e4 d5 5. e5 Ne4 6. Nxe4 dxe4 7. Ng5 c5 8. c3
cxd4 9. cxd4 Nc6 10. Be3 Qa5+ 11. Qd2 Qxd2+ 12. Kxd2 O-O 13. Bb5 Rd8 14. Bxc6
bxc6 15. Nxe4 Bxe5 16. Kc3 Bg7 17. f4 Rd5 18. b4 Bf5 19. Nc5 Rad8 20. Rhd1 a5
21. a3 g5 22. g3 gxf4 23. gxf4 Bg6 24. Rd2 Rh5 25. Rg1 axb4+ 26. axb4 Ra8 27.
Kb2 f6 28. Rg3 Kf7 29. Rdg2 Rd5 30. Kb3 Ra1 31. Kc3 e5 32. Nb3 exd4+ 33. Bxd4
Rb1 34. Rg1 Rxg1 35. Bxg1 Bh6 36. Be3 Rh5 37. Nd4 c5 38. bxc5 Rxc5+ 39. Kd2 Rc4
40. Rg4 Bf8 41. Rh4 Bb4+ 42. Ke2 Kg8 43. f5 Bf7 44. Bh6 Kh8 45. Kd3 Bc5 46. Rg4
Rxd4+ 47. Rxd4 Bxd4 48. Kxd4 1/2-1/2